000 01903nam0a2200349 4500
001 RU\NLR\bibl\1810052
005 20250616153304.0
010 _a978-5-9978-0231-8
_9100
021 _aRU
_b2011-61291
_94310
035 _a(NLR Aleph) 001800673
090 _a1792197
_c1792197
100 _a20110916d2011 |||y0rusy50 ca
101 0 _arus
102 _aRU
105 _ay |||||||||
200 1 _aОрганизация, нормирование и оплата труда на предприятии городского хозяйства
_eучебное пособие
_fА.А. Олтяну
_gМ-во образования и науки Рос. Федерации, Гос. образоват. учреждение высш. проф. образования "С.-Петерб. гос. инж.-экон. ун-т"
210 _aСанкт-Петербург
_cСПбГИЭУ
_d2011
215 _a105 с.
_d20
300 _aПосвящается 105-летию университета ИНЖЭКОН
300 _aВ вып. дан. авт.: Олтяну А.А. - к.экон.н., доц.
320 _aБиблиогр.: с. 104-105 (21 назв.)
606 1 _aГородское хозяйство
_jУчебные издания для высших учебных заведений
_xПредприятия
_xОрганизация труда
_92626948
_3RU\NLR\auth\661563508
606 1 _aГородское хозяйство
_jУчебные издания для высших учебных заведений
_xПредприятия
_xЗаработная плата
_92626950
_3RU\NLR\auth\661563510
686 _aУ44(2)12-642я73
686 _aУ44(2)12-645я73
700 1 _aОлтяну
_bА. А.
_gАлександр Андреевич
_4070
801 0 _aRU
_bNLR
_c20110916
_gRCR
801 1 _aRU
_bNLR
_c20110916
942 _cBOOK
980 _aNB
980 _aNBR